LEADER 01641nam a2200361 u 4500 001 000000017718 003 CaOOAMICUS 005 20070226110607.0 008 941010s1986 it u000 u ita u 020 $a8816401575 035 $a10412738 040 $aPUL(R)$bita 041 1 $aita$hcat 100 1 $aEiximenis, Francesc,$cO.F.M.,$d1330-1409.$0(OLS)http://pul/name/15906 245 10$aEstetica medievale dell'eros, della mensa, della città /$cFrancesc Eiximenis ; a cura di Gabriella Zanoletti ; presentazione di Rosario Assunto. 260 $aMilano :$bJaca Book,$c1986. 300 $a203 p. ;$c23 cm 490 1 $aBiblioteca di cultura medievale 490 1 $aDi fronte e attraverso ;$v157 500 $aTit. orig.: Llibre de les dones, Dotzè del Crestià, El Crestià (estratti). 504 $aBibliografia: p. 191-203. 650 4$aMedioevo$xVita e costumi sociali.$0(OLS)http://pul/subject/12441 700 1 $aAssunto, Rosario,$d1915-1994.$0(OLS)http://pul/name/15908 700 1 $aZanoletti, Gabriella.$0(OLS)http://pul/name/15907 830 0$aDi fronte e attraverso ;$v157.$0(OLS)http://pul/title/138 830 0$aBiblioteca di cultura medievale.$0(OLS)http://pul/title/2253 850 $aPUL 852 $aPUL$W1$xSL Filosofia 1$y2$m84 G 3$j24969$nBK-PRI$b $qStampati$B24969$CPULBib$Z2$F24969 $H $81 941 1 $a8 961 $aINV: 61293 996 $6020$a8816401575$9(OLS)http://pul/number/22819 996 $6245$aEstetica medievale dell'eros, della mensa, della città$9(OLS)http://pul/title/25348 996 $6260$aMilano :$bJaca Book$9(OLS)http://pul/publisher/47900 LEADER 01566nam a2200361 a 4500 001 000000173588 003 CaOOAMICUS 005 20200625124352.0 008 200625s2020 it 001 u ita r 020 $a978-88-452-8342-0* 032 $aLibriCat 040 $aPUL$bita 084 $a193 100 1 $aHusserl, Edmund,$d1859-1938.$0(OLS)http://pul/name/10441 245 13$aLe conferenze di Parigi ; *Meditazioni cartesiane / $cEdmund Husserl ; a cura di Diego D'Angelo. 260 $aFirenze :$bGiunti,$c©2020$aMilano :$bBompiani 300 $a464 p.;$b$c21 cm 490 1 $aBompiani Il pensiero occidentale 500 $aTraduzione italiana a fronte. 504 $aBibliografia in nota. 600 14$aHusserl, Edmund,$d1859-1938$xCritica e interpretazione.$0(OLS)http://pul/subject/19387 700 1 $aD'Angelo, Diego.$0(OLS)http://pul/name/102679 830 0$aBompiani Il pensiero occidentale.$0(OLS)http://pul/title/99836 850 $aPUL 852 $aPUL$W1$xSL Filosofia 3$y81$m190 COLL 2.236$j197589$qDDC 21$B202376$CPULBib$Z2$F202376 $H134226 $82 941 1 $a9 983 3$aIl pensiero occidentale (Bompiani) 996 $6020$a978-88-452-8342-0*$9(OLS)http://pul/number/167585 996 $6084$a193$9(OLS)http://pul/classification/3232 996 $6245$aLe conferenze di Parigi ; *Meditazioni cartesiane / $9(OLS)http://pul/title/214768 996 $6260$aFirenze :$bGiunti$9(OLS)http://pul/publisher/64498 996 $6260$aMilano :$bBompiani$9(OLS)http://pul/publisher/48240